|
|
|
|
| LEADER |
00780nam a2200217 a 4500 |
| 001 |
000646517 |
| 003 |
CZ BrMZK |
| 005 |
20130805133133.0 |
| 007 |
ta |
| 008 |
030116s1949 xr f cze d |
| 035 |
|
|
|a (OCoLC)85586343
|
| 040 |
|
|
|a BOA001
|b cze
|c BOA001
|
| 100 |
1 |
|
|a Venera, Jiří,
|d 1925-
|7 mzk2013773917
|4 dis
|
| 245 |
1 |
0 |
|a František Vavřinec Korompay, moravský rokokový malíř /
|c Jiří Venera
|
| 260 |
|
|
|a Brno :
|b [Filosofická fakulta Masarykovy university],
|c 1949
|
| 300 |
|
|
|a 111 s.
|
| 502 |
|
|
|a Disertace -- Masarykova univerzita, 1949
|
| 710 |
2 |
|
|a Masarykova univerzita.
|b Filozofická fakulta
|7 kn20010709276
|
| 910 |
|
|
|a BOA001
|b 4-0246.863
|
| 990 |
|
|
|a BK
|
| 996 |
7 |
|
|b 2619202842
|c 4-0246.863
|l MZK
|r Sklad / do 24 hodin
|n 18
|w 000646517
|u 000010
|a 1
|e BOA001
|j MZK50
|s A
|